| Tag |
First Indicator |
Second Indicator |
Subfields |
| LEADER |
00000cam a2200000 4500 |
| 001 |
in00000023539 |
| 005 |
20161010113218.0 |
| 008 |
730730m19719999fr a 00000 rusr |
| 010 |
|
|
|a 71292425
|
| 035 |
|
|
|a (OCoLC)00665840
|
| 035 |
|
|
|9 AAD9921AM
|
| 040 |
|
|
|c OUN
|d TXA
|d UtOrBLW
|
| 049 |
|
|
|a TXAM
|c 1
|v 1 [719797]
|c 2
|v 1 [1138981]
|
| 050 |
0 |
0 |
|a PG3488.O4
|b A94
|
| 100 |
1 |
|
|a Solzhenit︠s︡yn, Aleksandr Isaevich,
|d 1918-2008.
|
| 245 |
1 |
0 |
|a Avgust chetyrnadtsatogo.
|
| 264 |
|
1 |
|a Paris :
|b YMCA-Press,
|c [1971-]
|
| 264 |
|
4 |
|c ©1971-
|
| 300 |
|
|
|a 1 volume :
|b illustrations ;
|c 19 cm.
|
| 336 |
|
|
|a text
|b txt
|2 rdacontent
|
| 337 |
|
|
|a unmediated
|b n
|2 rdamedia
|
| 338 |
|
|
|a volume
|b nc
|2 rdacarrier
|
| 500 |
|
|
|a In Cyrillic characters.
|
| 500 |
|
|
|a At head of title, volume 1- : A. Solzhenitsyn.
|
| 505 |
0 |
|
|a Uzel 1. 10-21 avgusta st. st.
|
| 999 |
|
|
|a MARS
|
| 999 |
f |
f |
|s e4b06b0c-6aba-3b68-abf3-b97ffbdbd53f
|i e58bcde1-94bb-3322-8bb6-aa8c4048c67e
|t 0
|
| 952 |
f |
f |
|p ric
|a Texas A&M University
|b Rellis Campus
|c Joint Library Facility
|s JLF
|d Remote Storage
|t 0
|e PG3488.O4 A94
|h Library of Congress classification
|i unmediated -- volume
|k v.1
|m A14803632120
|
| 998 |
f |
f |
|a PG3488.O4 A94
|s v.1
|t 0
|l Remote Storage
|